| 000 | 00603nam a22001937a 4500 | ||
|---|---|---|---|
| 003 | OSt | ||
| 005 | 20140310181722.0 | ||
| 008 | 130306t xxu||||| |||| 00| 0 eng d | ||
| 020 | _a9781853263859 | ||
| 050 |
_aPE 1693 _b.D139 1999 |
||
| 082 |
_aIB 423.1 _bD15 1999 |
||
| 245 |
_aThe wordsworth dictionary of abbreviations & acronyms : _cRodney Dale & Steve Puttick. _ba book which no citizen of the modern world can afford to be without / |
||
| 260 |
_aHentfordslire _b Wordsworth Classics _c1995 |
||
| 300 |
_a339 p . : _c19cm. |
||
| 562 | _e2 | ||
| 942 |
_2lcc _cBK |
||
| 999 |
_c2034 _d2034 |
||